000 00613 a2200181 4500
003 Nust
005 20170207153206.0
040 _cNust
082 _a005.1
100 _aNadeem, Muhammad (MSCS-1)
245 _aStudy and development of virtual distributed programming environment
_cMuhammad Nadeem MSCS
260 _bMCS
_c1996
300 _avii, 92 p.
505 _aIntroduction (page-1), The literature survey (page-5), Design of a distributed environment (page-20), Implementation (page-49), Results and discussions (page-66).
538 _aAlmirah No 73 Shelf No 1
650 _aMSCS Thesis
651 _aMSCS-1
942 _cTHS
999 _c181216
_d181216